Welcome to WEB OPAC of MRSPTU Central Library

Engineering thermodynamics (Record no. 863)

MARC details
000 -LEADER
fixed length control field 00345nam a2200145Ia 4500
008 - FIXED-LENGTH DATA ELEMENTS--GENERAL INFORMATION
fixed length control field 230711s9999||||xx |||||||||||||| ||und||
041 ## - LANGUAGE CODE
Language code of text/sound track or separate title ENG
082 ## - DEWEY DECIMAL CLASSIFICATION NUMBER
Classification number 621
Item number GP-E
100 ## - MAIN ENTRY--PERSONAL NAME
Personal name G.P gupta
245 #0 - TITLE STATEMENT
Title Engineering thermodynamics
250 ## - EDITION STATEMENT
Edition statement 1st
260 ## - PUBLICATION, DISTRIBUTION, ETC.
Date of publication, distribution, etc. 1987
Place of publication, distribution, etc. Roorkee
Name of publisher, distributor, etc. Nim Chand & Bros
650 ## - SUBJECT ADDED ENTRY--TOPICAL TERM
Topical term or geographic name entry element Mechanical Engineering
942 ## - ADDED ENTRY ELEMENTS (KOHA)
Koha item type Book
Holdings
Withdrawn status Lost status Damaged status Not for loan Collection Home library Current library Date acquired Total checkouts Full call number Barcode Date last seen Price effective from Koha item type
          MRSPTU Central Library MRSPTU Central Library     621 GP-E 4103 08/17/2023 08/17/2023 Book
          MRSPTU Central Library MRSPTU Central Library     621 GP-E 4104 08/17/2023 08/17/2023 Book
          MRSPTU Central Library MRSPTU Central Library     621 GP-E 4105 08/17/2023 08/17/2023 Book
          MRSPTU Central Library MRSPTU Central Library     621 GP-E 4106 08/17/2023 08/17/2023 Book
          MRSPTU Central Library MRSPTU Central Library     621 GP-E 4107 08/17/2023 08/17/2023 Book
          MRSPTU Central Library MRSPTU Central Library     621 GP-E 4108 08/17/2023 08/17/2023 Book
          MRSPTU Central Library MRSPTU Central Library     621 GP-E 4109 08/17/2023 08/17/2023 Book
          MRSPTU Central Library MRSPTU Central Library     621 GP-E 4110 08/17/2023 08/17/2023 Book
          MRSPTU Central Library MRSPTU Central Library     621 GP-E 4111 08/17/2023 08/17/2023 Book
          MRSPTU Central Library MRSPTU Central Library     621 GP-E 4112 08/17/2023 08/17/2023 Book
          MRSPTU Central Library MRSPTU Central Library     621 GP-E 4113 08/17/2023 08/17/2023 Book
          MRSPTU Central Library MRSPTU Central Library     621 GP-E 4114 08/17/2023 08/17/2023 Book
          MRSPTU Central Library MRSPTU Central Library     621 GP-E 4115 08/17/2023 08/17/2023 Book
          MRSPTU Central Library MRSPTU Central Library     621 GP-E 4116 08/17/2023 08/17/2023 Book

Website Designed and Developed by MRSPTU Central Library Team

E-mail Id: librarian@mrsptu.ac.in